Statistics for Albert Einstein Quiz

Click here to take the quiz!

General Stats

  • This quiz has been taken 4,982 times
    (4,907 since last reset)
  • The average score is 11 of 19

Answer Stats

Hint Answer % Correct
Country that Einstein was born inGermany
99%
Einstein became a citizen of this country in 1940United States
89%
What E stands for in the equation E = mc2Energy
85%
Part of Einstein's body that was secretly kept in a jar by the doctor who
conducted his autopsy
His brain
82%
Project that was sparked by a letter from Einstein to Roosevelt in 1939{Manhattan} Project
79%
Musical instrument he playedViolin
77%
Later in life, Einstein dated Margarita Konenkova, who was a Soviet ___Spy
72%
Relation of Einstein to his second wife Elsa LöwenthalCousin
71%
What c stands for in that same equationSpeed of light
68%
1905 is considered Einstein's "annus mirabilis", during which he published four
groundbreaking scientific papers. What does "annus mirabilis" mean?
Miracle year
62%
Einstein declined an offer to become the President of this country in 1952Israel
53%
Einstein's theory that describes gravity as a property of space and time{General} relativity
48%
Job he worked in from 1902–1909{Patent} examiner
45%
Einstein's theory about the relationship between space and time{Special} relativity
43%
Einstein quote expressing opposition to quantum mechanicsGod does not play {dice}
41%
War that will be fought with sticks and stones, according to EinsteinWorld War 4
39%
City he lived in during those yearsBern
35%
His paper on this effect earned him the Nobel Prize{Photo}electric effect
30%
Institute where he worked from 1933–1955Institute for {Advanced} Study
14%

Score Distribution

Percentile by Number Answered

Percent of People with Each Score

Your Score History

You have not taken this quiz since the last reset